00713nam a2200229Ia 450000500170000000800390001702000150005610000340007124500490010525000190015430000230017350500220019665000390021865000410025774000220029826400290032033600270034933700330037633800280040904000350043708400110047220220317000502.0160601s1992 sp g 000 0 spa a95863324281 aHuidobro, Vicente,d1893-194810aAltazor ; Temblor del cielocVictor Huidobro a1a. edición  a190 paginasc18 cm aTemblor del cielo14aPoesía chilena ySiglo XX2LEMB 14aLiteratura chilena ySiglo XX2LEMB  aTemblor del cielo aMadrid bRei Andesc1992 atextobtxt2rdacontent asin mediaciónbn2rdamedia avolumenbnc2rdacarrier aCO-BoRNBPbspaerdacCO-BoRNBP aP HUI1